00728nam a2200241 a 4500001001300000003000900013005001700022008004100039020002300080082001900103100002100122245003000143260003100173300000900204500003500213505002300248650002700271700002100298902000800319942000700327952013500334999001700469nice12345678IN_TiNIC20260116014526.0100924s2009 dela grp 000 0 eng  a9789380013176c85000a303.48454bRED aReddy, K Venkata aSocial Movements in India aDelhi bManglam Pub c2009 a312p aincludes index and biblioraphy2 aBibliography,Index aSocial-Movements-india1 aReddy, K Venkata bSRS cBK 001040708StackRoom-aHMIbHMId2010-09-24g850.00l4m2o303.48454 REDp023354r2019-02-19s2019-01-22v850.00w2010-09-24yBK c15785d15785